<?xml version="1.0" encoding="UTF-8"?><?xml-stylesheet type="text/xsl" href="static/style.xsl"?><OAI-PMH xmlns="http://www.openarchives.org/OAI/2.0/" xmlns:xsi="http://www.w3.org/2001/XMLSchema-instance" xsi:schemaLocation="http://www.openarchives.org/OAI/2.0/ http://www.openarchives.org/OAI/2.0/OAI-PMH.xsd"><responseDate>2026-04-13T15:08:35Z</responseDate><request verb="GetRecord" identifier="oai:www.recercat.cat:2117/428507" metadataPrefix="marc">https://recercat.cat/oai/request</request><GetRecord><record><header><identifier>oai:recercat.cat:2117/428507</identifier><datestamp>2025-07-17T15:27:19Z</datestamp><setSpec>com_2072_1033</setSpec><setSpec>col_2072_452951</setSpec></header><metadata><record xmlns="http://www.loc.gov/MARC21/slim" xmlns:dcterms="http://purl.org/dc/terms/" xmlns:xsi="http://www.w3.org/2001/XMLSchema-instance" xmlns:doc="http://www.lyncode.com/xoai" xsi:schemaLocation="http://www.loc.gov/MARC21/slim http://www.loc.gov/standards/marcxml/schema/MARC21slim.xsd">
   <leader>00925njm 22002777a 4500</leader>
   <datafield ind2=" " ind1=" " tag="042">
      <subfield code="a">dc</subfield>
   </datafield>
   <datafield ind2=" " ind1=" " tag="720">
      <subfield code="a">Codina Marco, Jordi</subfield>
      <subfield code="e">author</subfield>
   </datafield>
   <datafield ind2=" " ind1=" " tag="260">
      <subfield code="c">2025-01-30</subfield>
   </datafield>
   <datafield ind2=" " ind1=" " tag="520">
      <subfield code="a">El principal objetivo de este trabajo es la modelización mediante diversas técnicas de un&#xd;
intercambiador de calor de tubos concéntricos. En concreto se han utilizado métodos analíticos,&#xd;
simulaciones computacionales de dinámica de fluidos y teoría de control para tratar de caracterizar el&#xd;
comportamiento de intercambiador. Aparte se han llevado a cabo experimentos en el laboratorio de&#xd;
la EEBE con un intercambiador real para obtener datos con los que contrastar la fiabilidad de estos&#xd;
métodos.&#xd;
Después de exponer la teoría y los resultados de cada método de modelado se tratará su viabilidad.&#xd;
Por último, se concluirá con las dificultades encontradas durante el trabajo y las posibles mejoras en la&#xd;
metodología y el equipo utilizado.&#xd;
Los principales programas utilizados para las simulaciones del intercambiador han sido Comsol, para la&#xd;
simulación de fluidos y transferencia de calor computacional, y Simulink, para la simulación de la&#xd;
respuesta transitoria del intercambiador.</subfield>
   </datafield>
   <datafield ind2=" " ind1=" " tag="520">
      <subfield code="a">El principal objectiu d’aquest treball és la modelització mitjançant diverses tècniques d’un&#xd;
intercanviador de calor de tubs concèntrics. En concret s’han utilitzat mètodes analítics, simulacions&#xd;
computacionals de dinàmica de fluids i teoria de control per tractar de caracteritzar el comportament&#xd;
de l'intercanviador. A banda s’han dut a terme experiments al laboratori de la EEBE amb un&#xd;
intercanviador real per tal d’obtenir dades amb les quals contrastar la fiabilitat d’aquests mètodes.&#xd;
Després d'exposar la teoria i els resultats de cada mètode de modelatge es tractarà la seva viabilitat.&#xd;
Finalment, es conclourà amb les dificultats trobades durant el treball i les possibles millores en la&#xd;
metodologia i l'equip utilitzat.&#xd;
Els principals programes utilitzats per a les simulacions de l’intercanviador han estat Comsol, per a la&#xd;
simulació de fluids i transferència de calor computacional, i Simulink, per a la simulació de la resposta&#xd;
transitòria de l’intercanviador.</subfield>
   </datafield>
   <datafield ind2=" " ind1=" " tag="520">
      <subfield code="a">The main objective of this work is the modelling of a concentric tube heat exchanger using various&#xd;
techniques. Specifically, analytical methods, computational fluid dynamics simulations, and control&#xd;
theory were applied to characterize the behaviour of the heat exchanger. Additionally, experiments&#xd;
were conducted in the EEBE laboratory with a real heat exchanger to gather data for comparing the&#xd;
reliability of these methods.&#xd;
After presenting the theory and results of each modelling method, their feasibility is discussed. Finally,&#xd;
the thesis concludes with an examination of the difficulties encountered and suggestions for potential&#xd;
improvements to the methodology and equipment used.&#xd;
The main programs utilized for the heat exchanger simulations were Comsol, for fluid dynamics and&#xd;
computational heat transfer simulations, and Simulink, for analysing the transient response of the heat&#xd;
exchanger.</subfield>
   </datafield>
   <datafield tag="653" ind2=" " ind1=" ">
      <subfield code="a">Àrees temàtiques de la UPC::Enginyeria mecànica</subfield>
   </datafield>
   <datafield tag="653" ind2=" " ind1=" ">
      <subfield code="a">Heat exchangers</subfield>
   </datafield>
   <datafield tag="653" ind2=" " ind1=" ">
      <subfield code="a">Heat -- Transmission</subfield>
   </datafield>
   <datafield tag="653" ind2=" " ind1=" ">
      <subfield code="a">Control theory</subfield>
   </datafield>
   <datafield tag="653" ind2=" " ind1=" ">
      <subfield code="a">Intercanviadors de calor</subfield>
   </datafield>
   <datafield tag="653" ind2=" " ind1=" ">
      <subfield code="a">Transferència de calor</subfield>
   </datafield>
   <datafield tag="653" ind2=" " ind1=" ">
      <subfield code="a">Anàlisi termodinàmic</subfield>
   </datafield>
   <datafield tag="653" ind2=" " ind1=" ">
      <subfield code="a">Intercanviador de calor de tub concèntrics</subfield>
   </datafield>
   <datafield tag="653" ind2=" " ind1=" ">
      <subfield code="a">Fluids tèrmics</subfield>
   </datafield>
   <datafield tag="653" ind2=" " ind1=" ">
      <subfield code="a">CFD</subfield>
   </datafield>
   <datafield tag="653" ind2=" " ind1=" ">
      <subfield code="a">Teoria de control</subfield>
   </datafield>
   <datafield tag="653" ind2=" " ind1=" ">
      <subfield code="a">Bescanviadors de calor</subfield>
   </datafield>
   <datafield tag="653" ind2=" " ind1=" ">
      <subfield code="a">Calor -- Transferència</subfield>
   </datafield>
   <datafield tag="653" ind2=" " ind1=" ">
      <subfield code="a">Control, Teoria de</subfield>
   </datafield>
   <datafield ind2="0" ind1="0" tag="245">
      <subfield code="a">Estudi i modelització computacional d'un bescanviador de calor</subfield>
   </datafield>
</record></metadata></record></GetRecord></OAI-PMH>